Loading...
| Science - Other | 0 | 8 | 0 | 1 | 80 | 44 | 81.88 | 3 | 5 | 22.26 | 57.50 |
| Science - Biology | 0 | 6 | 0 | 1 | 60 | 78 | 92.33 | 0 | 1 | 9.81 | 21.59 |
| Mythology | 0 | 6 | 0 | 2 | 60 | 60 | 103.83 | 0 | 1 | 10.72 | 26.36 |
| Science - Physics | 0 | 6 | 1 | 1 | 55 | 48 | 68.83 | 3 | 6 | 23.32 | 51.59 |
| Social Science | 0 | 3 | 1 | 0 | 25 | 60 | 68.33 | 1 | 2 | 9.73 | 19.09 |
| Fine Arts - Classical Music | 0 | 2 | 0 | 0 | 20 | 117 | 121.00 | 0 | 0 | 0.44 | 4.09 |
| Geography | 0 | 2 | 0 | 0 | 20 | 94 | 108.50 | 0 | 0 | 9.31 | 33.33 |
| Religion | 0 | 2 | 1 | 1 | 15 | 94 | 101.50 | 0 | 0 | 2.25 | 6.36 |
| Literature - British | 0 | 1 | 0 | 1 | 10 | 133 | 133.00 | 0 | 0 | 0.27 | 2.73 |
| Literature - European | 0 | 1 | 0 | 0 | 10 | 116 | 116.00 | 0 | 0 | 1.50 | 1.14 |
| History - World | 0 | 1 | 0 | 0 | 10 | 49 | 49.00 | 0 | 1 | 5.28 | 7.95 |
| History - American | 0 | 1 | 0 | 0 | 10 | 97 | 97.00 | 0 | 0 | 1.62 | 2.27 |
| Fine Arts - Other | 0 | 1 | 0 | 0 | 10 | 68 | 68.00 | 1 | 1 | 3.85 | 9.09 |
| Science - Chemistry | 0 | 1 | 1 | 0 | 5 | 101 | 101.00 | 0 | 0 | 0.51 | 2.27 |
| Fine Arts - Painting and Sculpture | 0 | 1 | 1 | 0 | 5 | 120 | 120.00 | 0 | 0 | 0.63 | 2.27 |
| History - Other | 0 | 1 | 1 | 1 | 5 | 141 | 141.00 | 0 | 0 | 0.00 | 2.27 |
| History - European | 0 | 1 | 1 | 0 | 5 | 68 | 68.00 | 1 | 1 | 4.07 | 7.95 |
| Philosophy | 0 | 1 | 1 | 0 | 5 | 122 | 122.00 | 0 | 0 | 0.22 | 6.82 |
| Literature - American | 0 | 0 | 0 | 0 | 0 | 0.00 | 0 | 0 | 0.00 | 0.00 | |
| Literature - World | 0 | 0 | 1 | 0 | -5 | 0.00 | 0 | 0 | 0.00 | 0.00 |